00516nam a2200205Ia 4500008004100000020001800041050001400059100001700073245002700090245003700117245003600154260001500190260001600205260000900221300001400230300002200244300001000266440002600276500000800302170918s9999 xx 000 0 und d a9780590222953 bC689 1995 aCole, Joanna aGets baked in a cake : ba book about kitchen chemistry / cby Joanna Cole and Bruce Degen. aNew York : bScholastic, c1995 aunpaged : bchiefly colored ; c20cm. aThe magic school bus. a510